000 00540nam a2200193Ia 4500
003 GCL
008 140319s9999 xx 000 0 ara d
040 _aGCL /
_cGCL
082 0 4 _a928.1
_bف ر
100 1 _aفدوى طوقان
245 1 0 _aرحلة جبلية رحلة صعبة: سيرة ذاتية /
_cفدوى طوقان
260 _a[S.N] :
_bدار الشروق ،
_c1988
300 _a239 ص
490 _a
650 0 4 _aالتراجم
650 0 4 _aالادباء
650 0 4 _aالادباء العرب
942 _2ddc
_cBK
999 _c54928
_d54928